[Event "4NCL/Div4/SXM vs. MET prelims"]
[Site "Telford ENG"]
[Date "2003.01.18"]
[Round "3.2"]
[White "Dickson, George"]
[Black "Linford, Charles M"]
[Result "1-0"]
[WhiteElo "2016"]
[BlackElo "1840"]
[PlyCount "149"]
[EventDate "2003.01.18"]

1. d4 Nf6 2. Nf3 e6 3. Bf4 c5 4. c3 d5 5. e3 Be7 6. h3 O-O 7. Be2 b6 8. Nbd2
Ba6 9. Ne5 Bxe2 10. Qxe2 c4 11. a4 Nfd7 12. O-O Nxe5 13. Bxe5 Nd7 14. Bg3 Nf6
15. e4 Nxe4 16. Nxe4 dxe4 17. Qxe4 Qd5 18. Qxd5 exd5 19. Rfe1 Rfe8 20. Re5 Rad8
21. a5 b5 22. a6 f6 23. Re2 Kf7 24. Kf1 Bd6 25. b4 Bxg3 26. fxg3 Rxe2 27. Kxe2
Rd6 28. Ra5 Rb6 29. Kf3 Ke6 30. g4 g5 31. g3 h6 32. Ra1 Kd7 33. Ra5 Kc6 34. Ra1
Kc7 35. Kf2 Re6 36. Ra5 Kb6 37. Ra2 Re8 38. Ra1 Re7 39. Ra2 Rf7 40. Re2 Kxa6
41. Re6+ Kb7 42. Rd6 f5 43. gxf5 Rxf5+ 44. Ke2 h5 45. g4 hxg4 46. hxg4 Kc7 47.
Rg6 Rf7 48. Rxg5 Kd6 49. Rg6+ Ke7 50. Ra6 Rf4 51. Rxa7+ Kf6 52. Ra6+ Kg5 53.
Rd6 Rxg4 54. Rxd5+ Kf4 55. Re5 Rg2+ 56. Kd1 Rh2 57. Rxb5 Ke3 58. Rg5 Rh1+ 59.
Kc2 Rh2+ 60. Kb1 Rh1+ 61. Ka2 Rh2+ 62. Ka3 Rc2 63. b5 Rxc3+ 64. Kb4 Rc1 65. d5
Kf4 66. Rh5 Kg4 67. Rh2 c3 68. d6 c2 69. Kc5 Kf5 70. Kc6 Ke6 71. Re2+ Kf7 72.
d7 Rd1 73. Rxc2 Ke7 74. Re2+ Kf7 75. Re5 1-0

[Event "4NCL/Div4/SXM vs. MET prelims"]
[Site "Telford ENG"]
[Date "2003.01.18"]
[Round "3.3"]
[White "Barraclough, David"]
[Black "Calvert, D Ian"]
[Result "1/2-1/2"]
[WhiteElo "1640"]
[BlackElo "2040"]
[PlyCount "81"]
[EventDate "2003.01.18"]

1. e4 d5 2. exd5 Qxd5 3. Nc3 Qa5 4. Bc4 Nf6 5. Nf3 Bf5 6. O-O e6 7. d4 c6 8.
Re1 Bb4 9. Bd2 Nbd7 10. a3 Bxc3 11. Bxc3 Qc7 12. Bd3 Bxd3 13. Qxd3 O-O 14. Bd2
Rfd8 15. Qe2 c5 16. Bg5 Rac8 17. Rad1 h6 18. Bh4 a6 19. Rd2 cxd4 20. Nxd4 Qf4
21. Bg3 Qg4 22. Red1 Nc5 23. Qxg4 Nxg4 24. c3 Ne4 25. Rd3 Nxg3 26. Rxg3 Ne5 27.
b3 Nc6 28. Rgd3 Nxd4 29. cxd4 Rc2 30. g3 Rd5 31. R1d2 Rxd2 32. Rxd2 e5 33. Kg2
f5 34. Kf3 exd4 35. Ke2 Kf7 36. f4 Ke6 37. Kd3 b5 38. Rc2 Kd7 39. Re2 g6 40. b4
Rd6 41. Re5 1/2-1/2

[Event "4NCL/Div4/SXM vs. MET prelims"]
[Site "Telford ENG"]
[Date "2003.01.18"]
[Round "3.4"]
[White "Djabri, Zafer M"]
[Black "Fraser, Joe"]
[Result "1-0"]
[WhiteElo "1864"]
[BlackElo "1448"]
[PlyCount "55"]
[EventDate "2003.01.18"]

1. c4 Nf6 2. Nc3 g6 3. g3 Bg7 4. Bg2 c6 5. e4 d6 6. Nge2 e5 7. O-O Nbd7 8. f4
Qb6+ 9. Kh1 Nc5 10. d3 h5 11. f5 h4 12. gxh4 Ng4 13. fxg6 fxg6 14. Bg5 Bh6 15.
Qd2 Nxd3 16. Qxd3 Bxg5 17. Qxd6 Nf2+ 18. Rxf2 Qxf2 19. Qxg6+ Qf7 20. Qxg5 Qe7
21. Rf1 Qxg5 22. hxg5 Rh5 23. g6 Rg5 24. Rf6 Ke7 25. Rf7+ Ke8 26. Rh7 Rxg6 27.
Bh3 b5 28. Rh8+ 1-0

[Event "4NCL/Div4/SXM vs. MET prelims"]
[Site "Telford ENG"]
[Date "2003.01.18"]
[Round "3.5"]
[White "Barraclough, Stephanie"]
[Black "Kruszynski, Robert G"]
[Result "1-0"]
[WhiteElo "1472"]
[BlackElo "1792"]
[PlyCount "76"]
[EventDate "2003.01.18"]

1. e4 c5 2. Nf3 Nc6 3. d4 cxd4 4. Nxd4 e5 5. Nf3 Nf6 6. Nc3 Bb4 7. Bd3 d5 8.
exd5 Bxc3+ 9. bxc3 Qxd5 10. Ba3 Qa5 11. Bb2 O-O 12. Nd2 Bg4 13. Be2 Bf5 14. Bd3
e4 15. Be2 Rad8 16. h3 e3 17. fxe3 Ne4 18. Bd3 Ne5 19. Bxe4 Bxe4 20. Qe2 Bxc2
21. Nb3 Bxb3 22. axb3 Qb6 23. O-O Qxb3 24. Rxa7 Nc4 25. Bc1 Rd7 26. Qg4 Re7 27.
Qd4 Ne5 28. Ba3 Nc6 29. Qf4 Nxa7 30. Bxe7 Nc6 31. Bxf8 Kxf8 32. c4 f6 33. Qd6+
Kf7 34. Qd7+ Kg6 35. Qf5+ Kf7 36. Qd7+ Ne7 37. Qd4 Qb4 38. c5 Qa5 1-0

[Event "4NCL/Div4/SXM vs. MET prelims"]
[Site "Telford ENG"]
[Date "2003.01.18"]
[Round "3.6"]
[White "Young, Collins"]
[Black "Eichner, Daniel"]
[Result "0-1"]
[WhiteElo "1664"]
[BlackElo "1328"]
[PlyCount "92"]
[EventDate "2003.01.18"]

1. d4 d5 2. Bf4 Bf5 3. Nc3 e6 4. a3 Nf6 5. Nf3 c5 6. e3 Nc6 7. Bb5 a6 8. Be2
Qb6 9. Rb1 Ne4 10. Na2 Rc8 11. O-O cxd4 12. exd4 Na5 13. Nh4 Nxf2 14. Kxf2 Bxc2
15. Qd2 Bxb1 16. Rxb1 Nb3 17. Qd3 Qxd4+ 18. Qxd4 Nxd4 19. Bd3 Bc5 20. Kf1 O-O
21. Be3 Nb3 22. Bxc5 Rxc5 23. Nf3 f6 24. Nc3 e5 25. Nxd5 Rd8 26. Nb4 a5 27. Bc2
Nd2+ 28. Nxd2 Rxd2 29. Bb3+ Kf8 30. Na2 e4 31. Nc3 f5 32. Bd1 Ke7 33. Be2 Kf6
34. Kf2 Ke5 35. Ke3 Rc2 36. g3 g5 37. Kf2 Rc4 38. Nb5 Rc1 39. Bxc4 Rxb1 40. b3
f4 41. gxf4+ gxf4 42. h3 Rb2+ 43. Ke1 f3 44. Nc3 Kf4 45. Nd1 Rh2 46. Bf1 e3 0-1

[Event "4NCL/Div4/NKN2 vs. SLO3 prelims"]
[Site "Telford ENG"]
[Date "2003.01.18"]
[Round "3.1"]
[White "Spencer, Douglas"]
[Black "Milnes, Anthony"]
[Result "0-1"]
[WhiteElo "1847"]
[BlackElo "2129"]
[PlyCount "36"]
[EventDate "2003.01.18"]

1. d4 f5 2. Qd3 d5 3. h3 Nf6 4. Nf3 c6 5. Ne5 e6 6. Bg5 Be7 7. Nd2 Nbd7 8. Nxd7
Bxd7 9. Bxf6 Bxf6 10. e3 e5 11. c3 e4 12. Qc2 O-O 13. c4 f4 14. exf4 Bxd4 15.
Nb3 Bb6 16. Qd2 e3 17. Qc3 exf2+ 18. Kd1 Rxf4 0-1

[Event "4NCL/Div4/NKN2 vs. SLO3 prelims"]
[Site "Telford ENG"]
[Date "2003.01.18"]
[Round "3.2"]
[White "Harborne, Matthew"]
[Black "Smith, Olivia"]
[Result "1-0"]
[WhiteElo "2108"]
[BlackElo "1916"]
[PlyCount "57"]
[EventDate "2003.01.18"]

1. e4 e5 2. Nf3 Nc6 3. Bb5 a6 4. Ba4 Bc5 5. O-O d6 6. h3 Bd7 7. c3 Nf6 8. Re1
O-O 9. d4 Ba7 10. Bg5 Re8 11. Nbd2 b5 12. dxe5 Nxe5 13. Bc2 h6 14. Be3 Bc6 15.
Nd4 Bb7 16. a4 c5 17. Nf5 Ng6 18. axb5 axb5 19. c4 b4 20. f3 Qc7 21. Nf1 Bb8
22. b3 Re6 23. Rxa8 Bxa8 24. Qa1 Bc6 25. N1g3 Ne7 26. Nxg7 Re5 27. f4 Nxe4 28.
fxe5 Nxg3 29. Bf4 1-0

[Event "4NCL/Div4/NKN2 vs. SLO3 prelims"]
[Site "Telford ENG"]
[Date "2003.01.18"]
[Round "3.3"]
[White "Thomas, Kevin"]
[Black "Purton, Ben"]
[Result "1/2-1/2"]
[WhiteElo "1823"]
[BlackElo "2057"]
[PlyCount "32"]
[EventDate "2003.01.18"]

1. e4 c5 2. d4 cxd4 3. c3 dxc3 4. Nxc3 Nc6 5. Bc4 e6 6. Nf3 d6 7. O-O Nf6 8.
Qe2 Be7 9. Rd1 Qc7 10. Bf4 e5 11. Nd5 Nxd5 12. exd5 exf4 13. dxc6 bxc6 14. Ng5
O-O 15. Nxh7 Kxh7 16. Qh5+ Kg8 1/2-1/2

[Event "4NCL/Div4/NKN2 vs. SLO3 prelims"]
[Site "Telford ENG"]
[Date "2003.01.18"]
[Round "3.4"]
[White "Vaddadi, Seshagiri"]
[Black "Johnston, Gruffydd E"]
[Result "1-0"]
[WhiteElo "1800"]
[BlackElo "1623"]
[PlyCount "45"]
[EventDate "2003.01.18"]

1. e4 c5 2. Nf3 d6 3. d4 cxd4 4. Nxd4 Nf6 5. Nc3 g6 6. Be3 Bg7 7. f3 O-O 8. Bc4
Nc6 9. Qd2 Bd7 10. O-O-O Rc8 11. Bb3 Ne5 12. h4 Nc4 13. Bxc4 Rxc4 14. g4 Qa5
15. Nb3 Qc7 16. Bh6 Rc8 17. Bxg7 Kxg7 18. h5 Rxc3 19. bxc3 a5 20. e5 Ng8 21.
hxg6 hxg6 22. exd6 exd6 23. Qd4+ 1-0

[Event "4NCL/Div4/NKN2 vs. SLO3 prelims"]
[Site "Telford ENG"]
[Date "2003.01.18"]
[Round "3.5"]
[White "Thomas, Joseff"]
[Black "Roberson, Peter T"]
[Result "1/2-1/2"]
[WhiteElo "1574"]
[BlackElo "1792"]
[PlyCount "46"]
[EventDate "2003.01.18"]

1. e4 c6 2. d4 d5 3. Nc3 dxe4 4. Bc4 Nf6 5. f3 exf3 6. Nxf3 e6 7. O-O Be7 8.
Be3 O-O 9. Qe1 Qc7 10. Ng5 h6 11. Nh3 Nbd7 12. Nf4 Nb6 13. Bd3 Nbd5 14. Ncxd5
Nxd5 15. Nxd5 exd5 16. Qd2 Qb6 17. c3 c5 18. Rf3 cxd4 19. cxd4 Bf6 20. Bc2 Bd7
21. Raf1 Bg5 22. Rg3 Bh4 23. Rgf3 Bg5 1/2-1/2

[Event "4NCL/Div4/NKN2 vs. SLO3 prelims"]
[Site "Telford ENG"]
[Date "2003.01.18"]
[Round "3.6"]
[White "Houska, Mario"]
[Black "Arnold, Chris"]
[Result "1/2-1/2"]
[WhiteElo "1656"]
[BlackElo "1615"]
[PlyCount "65"]
[EventDate "2003.01.18"]

1. e4 Nc6 2. Nf3 d6 3. Bb5 a6 4. Bxc6+ bxc6 5. d4 Bg4 6. Qd3 d5 7. Nbd2 Bxf3 8.
Nxf3 Nf6 9. e5 Ne4 10. Ng5 Nxg5 11. Bxg5 h6 12. Bh4 Qd7 13. O-O e6 14. f4 c5
15. c3 cxd4 16. cxd4 c5 17. f5 exf5 18. Rxf5 c4 19. Qf3 Bb4 20. Rf1 O-O 21. Qg3
Be7 22. Bf6 Bxf6 23. Rxf6 Kh7 24. Rd6 Qb5 25. Qc3 Kg8 26. Rf2 Rad8 27. Rxh6
gxh6 28. Rf6 Qa4 29. Qg3+ Kh7 30. Qg4 Qc2 31. Qf4 Qd1+ 32. Kf2 Qc2+ 33. Kg1
1/2-1/2

[Event "4NCL/Div4/ATH2 vs. AD3 prelims"]
[Site "Telford ENG"]
[Date "2003.01.18"]
[Round "3.1"]
[White "Munro, Don"]
[Black "Mangwengwende, John"]
[Result "0-1"]
[WhiteElo "1848"]
[BlackElo "2163"]
[PlyCount "96"]
[EventDate "2003.01.18"]

1. c4 Nf6 2. g3 g6 3. Bg2 Bg7 4. Nc3 O-O 5. e4 d6 6. Nge2 Nc6 7. d4 Rb8 8. O-O
a6 9. a4 Na5 10. c5 dxc5 11. dxc5 Qxd1 12. Rxd1 Nb3 13. Ra3 Nxc5 14. b4 Ncd7
15. Be3 Ne5 16. Nd5 Nxd5 17. exd5 Bg4 18. Ra2 Rfd8 19. Rc1 Rd7 20. Nd4 Nd3 21.
Rc4 Ne1 22. Bh1 Bxd4 23. Rxd4 Nf3+ 24. Bxf3 Bxf3 25. Rad2 Rbd8 26. Bf4 c6 27.
d6 e5 28. Bxe5 Re8 29. R2d3 Rxe5 30. Rxf3 Rd5 31. Rxd5 cxd5 32. Rd3 Rxd6 33.
Rd4 f5 34. f4 Kf7 35. Kf2 Ke6 36. Ke3 Rc6 37. Rd2 Rc4 38. Rb2 d4+ 39. Kd3 Kd5
40. a5 Rc3+ 41. Kd2 Kc4 42. Rb1 d3 43. b5 Rc2+ 44. Kd1 axb5 45. a6 bxa6 46. Ra1
b4 47. Rxa6 b3 48. Ra7 b2 0-1

[Event "4NCL/Div4/ATH2 vs. AD3 prelims"]
[Site "Telford ENG"]
[Date "2003.01.18"]
[Round "3.2"]
[White "Howell, Christopher I"]
[Black "Seymour, Timothy P"]
[Result "1-0"]
[WhiteElo "2152"]
[BlackElo "1688"]
[PlyCount "93"]
[EventDate "2003.01.18"]

1. e4 d5 2. exd5 Nf6 3. Nc3 Nxd5 4. Bc4 Nb6 5. Bb3 Nc6 6. Qf3 e6 7. Nge2 Bd7 8.
d4 Qf6 9. Qxf6 gxf6 10. Bf4 Bd6 11. O-O-O Na5 12. Bxd6 cxd6 13. d5 e5 14. f4
Ke7 15. Rhf1 Bg4 16. h3 Bxe2 17. Nxe2 Nxb3+ 18. axb3 Rhg8 19. g3 a5 20. fxe5
fxe5 21. Rd3 Rgf8 22. g4 a4 23. Kb1 Ra5 24. Nc3 axb3 25. cxb3 Rfa8 26. Rdf3
Ra1+ 27. Kc2 Rxf1 28. Rxf1 Ra5 29. b4 Ra8 30. Rf5 Rg8 31. Rh5 Rg7 32. Kd3 Nd7
33. Ne4 Nb6 34. Ng3 Nxd5 35. Nf5+ Kf6 36. Nxg7 Kxg7 37. Kc4 Nf4 38. Rg5+ Kf6
39. Rg8 e4 40. Kd4 d5 41. Rb8 Ng2 42. g5+ Kxg5 43. Rg8+ Kf4 44. Rxg2 Kf3 45.
Rg5 e3 46. Rf5+ Ke2 47. Re5 1-0

[Event "4NCL/Div4/ATH2 vs. AD3 prelims"]
[Site "Telford ENG"]
[Date "2003.01.18"]
[Round "3.3"]
[White "Barkwill, Martin A"]
[Black "Gunter, David WW"]
[Result "0-1"]
[WhiteElo "1664"]
[BlackElo "2133"]
[PlyCount "54"]
[EventDate "2003.01.18"]

1. c4 Nf6 2. Nc3 g6 3. e4 d6 4. d4 Bg7 5. Nf3 O-O 6. g3 c5 7. Bg2 cxd4 8. Nxd4
Nbd7 9. O-O Ne5 10. b3 Bd7 11. Bb2 Qb6 12. Nd5 Nxd5 13. cxd5 Rac8 14. Qd2 Bb5
15. Nxb5 Qxb5 16. Rfd1 b6 17. f4 Ng4 18. Bxg7 Kxg7 19. Rac1 Kg8 20. h3 Nf6 21.
Rxc8 Rxc8 22. Rc1 Rxc1+ 23. Qxc1 Qe2 24. Qc8+ Kg7 25. Qc7 Qe3+ 26. Kh2 Nh5 27.
Qxe7 Qxg3+ 0-1

[Event "4NCL/Div4/ATH2 vs. AD3 prelims"]
[Site "Telford ENG"]
[Date "2003.01.18"]
[Round "3.4"]
[White "Stille, Alexander M"]
[Black "Aniecko, Colin"]
[Result "1-0"]
[WhiteElo "1848"]
[BlackElo "1512"]
[PlyCount "85"]
[EventDate "2003.01.18"]

1. e4 e6 2. d4 d5 3. Nd2 c5 4. exd5 exd5 5. dxc5 Bxc5 6. Nb3 Qb6 7. Nxc5 Qxc5
8. Be3 Qb4+ 9. Qd2 Qxd2+ 10. Bxd2 Ne7 11. Bb5+ Nbc6 12. Nf3 a6 13. Bd3 Bf5 14.
Bxf5 Nxf5 15. O-O-O O-O 16. Bf4 Rad8 17. Bc7 Rd7 18. Bb6 Re8 19. Rhe1 Rxe1 20.
Rxe1 f6 21. Rd1 Kf7 22. h3 h5 23. c3 g5 24. Nd2 Nd6 25. Bc5 Ke6 26. Bxd6 Rxd6
27. Nf3 g4 28. Nd4+ Nxd4 29. Rxd4 f5 30. f3 gxf3 31. gxf3 Kf6 32. Kd2 Ke5 33.
Rb4 b5 34. a4 bxa4 35. f4+ Ke6 36. Rxa4 h4 37. Kd3 Rb6 38. Kd4 Rd6 39. Ra5 Rb6
40. b4 Ke7 41. Rxd5 Rg6 42. Rxf5 Rg3 43. Re5+ 1-0

[Event "4NCL/Div4/HKF vs. AD3 prelims"]
[Site "Telford ENG"]
[Date "2003.01.19"]
[Round "4.1"]
[White "Wilson, Jonathan"]
[Black "Gunter, David WW"]
[Result "1/2-1/2"]
[WhiteElo "2310"]
[BlackElo "2133"]
[PlyCount "61"]
[EventDate "2003.01.19"]

1. d4 Nf6 2. c4 g6 3. Nc3 Bg7 4. e4 O-O 5. Be2 c5 6. d5 e5 7. Nf3 Nh5 8. O-O d6
9. Ne1 Nf4 10. Bxf4 exf4 11. Nd3 g5 12. Bg4 Nd7 13. g3 Ne5 14. Nxe5 Bxe5 15.
Bxc8 Rxc8 16. Qh5 Qf6 17. Kg2 Qg6 18. Qxg6+ hxg6 19. Kf3 Kg7 20. gxf4 Bxf4 21.
h4 f5 22. exf5 Rxf5 23. hxg5 Be5+ 24. Ke2 Re8 25. Kd3 Bxc3 26. bxc3 Rxg5 27.
Rae1 Rge5 28. Rxe5 Rxe5 29. Rb1 Re7 30. Rh1 Rf7 31. Ke3 1/2-1/2

[Event "4NCL/Div4/HKF vs. AD3 prelims"]
[Site "Telford ENG"]
[Date "2003.01.19"]
[Round "4.2"]
[White "Beveridge, Nigel"]
[Black "Connell, Blair"]
[Result "1/2-1/2"]
[WhiteElo "2022"]
[BlackElo "2260"]
[PlyCount "102"]
[EventDate "2003.01.19"]

1. Nf3 d5 2. b3 Nf6 3. Bb2 Bf5 4. g3 h6 5. Bg2 c6 6. O-O Nbd7 7. d3 e6 8. e3 a5
9. a4 Bb4 10. Qe2 O-O 11. Nbd2 Bh7 12. Kh1 Qc7 13. e4 Rad8 14. e5 Ne8 15. Rae1
b5 16. Nd4 Rb8 17. axb5 cxb5 18. f4 Bc3 19. Bxc3 Qxc3 20. N2f3 a4 21. Ra1 Nc5
22. bxa4 bxa4 23. Qd2 Qxd2 24. Nxd2 Nc7 25. Nb1 Rb4 26. Nc6 Rb6 27. Nd4 Rb4 28.
Nc6 Rb6 29. Nd4 Ra8 30. Na3 Rab8 31. Kg1 Kf8 32. Kf2 Rb2 33. Kf3 R8b4 34. Ne2
Ke7 35. Nc3 Nxd3 36. cxd3 Bxd3 37. Rfc1 d4 38. Nd1 Be2+ 39. Kf2 Bxd1+ 40. Kg1
Na6 41. Rxd1 Nc5 42. Rab1 d3 43. Bf1 R4b3 44. Rxb2 Rxb2 45. Rb1 d2 46. Be2
Rxb1+ 47. Nxb1 Ne4 48. Kf1 a3 49. Nxa3 Nc3 50. Nc4 d1=Q+ 51. Bxd1 Nxd1 1/2-1/2

[Event "4NCL/Div4/HKF vs. AD3 prelims"]
[Site "Telford ENG"]
[Date "2003.01.19"]
[Round "4.3"]
[White "Truran, Michael"]
[Black "Stille, Alexander M"]
[Result "1-0"]
[WhiteElo "2205"]
[BlackElo "1848"]
[PlyCount "97"]
[EventDate "2003.01.19"]

1. d4 d5 2. c4 c6 3. Nf3 Nf6 4. e3 Bg4 5. Nc3 e6 6. h3 Bh5 7. g4 Bg6 8. Ne5
Nbd7 9. h4 h6 10. Nxg6 fxg6 11. Bd3 Kf7 12. cxd5 exd5 13. Qc2 Bd6 14. Bxg6+ Ke7
15. Rg1 Qf8 16. Bd2 Bh2 17. Rg2 Bd6 18. O-O-O Nb6 19. e4 dxe4 20. Nxe4 Nxe4 21.
Qxe4+ Kd7 22. f4 Nd5 23. Re1 Kc7 24. f5 Rd8 25. g5 hxg5 26. hxg5 Rd7 27. Rf1
Re7 28. Qf3 Rh4 29. f6 gxf6 30. gxf6 Rd7 31. f7 Nf4 32. Bxf4 Rxf4 33. Qd3 Rdxf7
34. Bxf7 Qxf7 35. Rxf4 Qxf4+ 36. Kb1 Qh6 37. Rf2 Qe6 38. Re2 Qf6 39. a3 Qh6 40.
Qc4 Qg6+ 41. Ka2 b5 42. Qe6 Qd3 43. Qe4 Qc4+ 44. Kb1 b4 45. Rc2 Qf1+ 46. Rc1
Qb5 47. axb4 Bxb4 48. d5 c5 49. d6+ 1-0

[Event "4NCL/Div4/HKF vs. AD3 prelims"]
[Site "Telford ENG"]
[Date "2003.01.19"]
[Round "4.4"]
[White "Kreuzer, Christopher"]
[Black "Adelaja, Abimbola"]
[Result "0-1"]
[WhiteElo "1792"]
[BlackElo "2145"]
[PlyCount "92"]
[EventDate "2003.01.19"]

1. e4 d6 2. d4 Nf6 3. Bd3 e5 4. c3 Nc6 5. d5 Ne7 6. Ne2 Ng6 7. O-O Be7 8. f4
exf4 9. Bxf4 O-O 10. Nd4 Ng4 11. Nf5 Nxf4 12. Qxg4 Bxf5 13. Qxf4 Bg6 14. Nd2 c6
15. dxc6 bxc6 16. Nc4 d5 17. Ne3 Bg5 18. Qg3 dxe4 19. Bc4 Bxe3+ 20. Qxe3 Qb6
21. Qxb6 axb6 22. Rad1 Rfd8 23. Kf2 Kf8 24. a3 Ke7 25. Ke3 f5 26. h4 h6 27.
Rxd8 Rxd8 28. a4 Kf6 29. b4 Ra8 30. Ra1 Ke5 31. g3 Be8 32. a5 b5 33. Bb3 g5 34.
hxg5 hxg5 35. Rf1 c5 36. Rf2 cxb4 37. cxb4 Rc8 38. Rc2 f4+ 39. gxf4+ gxf4+ 40.
Kf2 e3+ 41. Ke1 Rxc2 42. Bxc2 f3 43. Bd1 Kf4 44. a6 f2+ 45. Kf1 Bd7 46. Kg2
Bh3+ 0-1

[Event "4NCL/Div4/HKF vs. AD3 prelims"]
[Site "Telford ENG"]
[Date "2003.01.19"]
[Round "4.5"]
[White "Dupré, Paul D"]
[Black "Westwood, Richard D"]
[Result "1-0"]
[WhiteElo "2040"]
[BlackElo "1736"]
[PlyCount "65"]
[EventDate "2003.01.19"]

1. d4 e6 2. c4 f5 3. Nc3 Nf6 4. Nf3 Bb4 5. Bg5 O-O 6. Qc2 d6 7. e3 Nbd7 8. Bd3
h6 9. Bxf6 Qxf6 10. O-O Bxc3 11. Qxc3 b6 12. Nd2 e5 13. f4 e4 14. Bc2 c5 15.
Nb3 Ba6 16. Rf2 Rac8 17. Rd1 cxd4 18. Rxd4 Rc6 19. Nd2 Rfc8 20. Qa3 b5 21. Bb3
bxc4 22. Ba4 c3 23. bxc3 Rxc3 24. Bb3+ d5 25. Rxd5 Rc1+ 26. Nf1 Bxf1 27. Rxf1
Rxf1+ 28. Kxf1 Kh7 29. Rxd7 Qa1+ 30. Kf2 Rc1 31. Rxg7+ Qxg7 32. Qxc1 Qe7 33. g3
1-0

[Event "4NCL/Div4/HKF vs. AD3 prelims"]
[Site "Telford ENG"]
[Date "2003.01.19"]
[Round "4.6"]
[White "Roberts, Colin"]
[Black "Forman, Karl L"]
[Result "1/2-1/2"]
[WhiteElo "1608"]
[BlackElo "2036"]
[PlyCount "52"]
[EventDate "2003.01.19"]

1. e4 Nf6 2. e5 Nd5 3. d4 d6 4. Nf3 Bg4 5. exd6 cxd6 6. Be2 Nc6 7. c4 Nb6 8. d5
Bxf3 9. Bxf3 Ne5 10. b3 g6 11. Bb2 Bg7 12. Nc3 O-O 13. O-O e6 14. Rb1 Qe7 15.
Be2 exd5 16. Nxd5 Nxd5 17. Qxd5 Rac8 18. f4 Nc6 19. Bxg7 Kxg7 20. Qd2 Rfe8 21.
Bf3 Qf6 22. Qb2 Nd4 23. Qd2 Re7 24. Rbd1 Nxf3+ 25. Rxf3 Rce8 26. Rf2 a6 1/2-1/2

[Event "4NCL/Div4/SLO3 vs. ATH2 prelims"]
[Site "Telford ENG"]
[Date "2003.01.19"]
[Round "4.1"]
[White "Milnes, Anthony"]
[Black "Seymour, Timothy P"]
[Result "0-1"]
[WhiteElo "2129"]
[BlackElo "1688"]
[PlyCount "78"]
[EventDate "2003.01.19"]

1. e4 d5 2. exd5 Nf6 3. Nf3 Qxd5 4. Nc3 Qh5 5. d4 Bg4 6. Be2 Nc6 7. Be3 O-O-O
8. O-O e5 9. d5 e4 10. Ng5 Rxd5 11. Nxd5 Bxe2 12. Qd2 Bd6 13. Nf4 Bxf4 14. Bxf4
Bxf1 15. Kxf1 h6 16. Nh3 Rd8 17. Qe2 Qxe2+ 18. Kxe2 Nd4+ 19. Kf1 g5 20. Bg3
Nxc2 21. Rc1 Rd2 22. Be5 Nd5 23. Ng1 f6 24. Bc3 Nxc3 25. bxc3 Na3 26. Ne2 Nc4
27. Ng3 e3 28. f3 Rxa2 29. Nf5 e2+ 30. Kf2 e1=Q+ 31. Kxe1 Rxg2 32. Rd1 Rg1+ 33.
Ke2 Rxd1 34. Kxd1 h5 35. Ng3 Kd7 36. Nxh5 Ke6 37. Ke2 a5 38. f4 a4 39. Kd3 a3
0-1

[Event "4NCL/Div4/SLO3 vs. ATH2 prelims"]
[Site "Telford ENG"]
[Date "2003.01.19"]
[Round "4.2"]
[White "Barkwill, Martin A"]
[Black "Harborne, Matthew"]
[Result "0-1"]
[WhiteElo "1664"]
[BlackElo "2108"]
[PlyCount "62"]
[EventDate "2003.01.19"]

1. c4 e5 2. Nc3 f5 3. d3 Nc6 4. Nf3 Nf6 5. Bg5 Be7 6. g3 O-O 7. Bg2 d6 8. Qd2
Be6 9. O-O Qe8 10. Rab1 h6 11. Bxf6 Bxf6 12. b4 g5 13. b5 Ne7 14. a4 Qg6 15. a5
Rab8 16. b6 axb6 17. axb6 c6 18. h3 h5 19. Rb3 Rf7 20. Ra1 g4 21. hxg4 hxg4 22.
Nh2 Bg5 23. e3 f4 24. exf4 exf4 25. Ne4 Bh6 26. Nxd6 fxg3 27. Qa2 gxh2+ 28. Kh1
Rff8 29. Ra3 Bg7 30. Re1 Bd4 31. Be4 Qh6 0-1

[Event "4NCL/Div4/SLO3 vs. ATH2 prelims"]
[Site "Telford ENG"]
[Date "2003.01.19"]
[Round "4.3"]
[White "Purton, Ben"]
[Black "Aniecko, Colin"]
[Result "1-0"]
[WhiteElo "2057"]
[BlackElo "1512"]
[PlyCount "57"]
[EventDate "2003.01.19"]

1. e4 e6 2. d4 d5 3. Nd2 c5 4. Ngf3 Nc6 5. c3 Qb6 6. exd5 exd5 7. Bd3 h6 8. O-O
Be6 9. dxc5 Bxc5 10. Nb3 Bd6 11. Nfd4 Nxd4 12. Nxd4 a6 13. Nxe6 fxe6 14. Qg4
Kf8 15. Be3 Qc6 16. Qf3+ Ke7 17. c4 Nf6 18. Bd4 Rhf8 19. Qe2 Kd7 20. c5 Bc7 21.
b4 b5 22. cxb6 Bxb6 23. b5 Qd6 24. Be5 Qb4 25. bxa6 Qh4 26. Bg3 Qg5 27. Rab1
Bc7 28. Rb7 Rfc8 29. Bb5+ 1-0

[Event "4NCL/Div4/MET vs. NKN2 prelims"]
[Site "Telford ENG"]
[Date "2003.01.19"]
[Round "4.1"]
[White "Noden, Nicolas"]
[Black "Spencer, Douglas"]
[Result "1/2-1/2"]
[WhiteElo "2196"]
[BlackElo "1847"]
[PlyCount "55"]
[EventDate "2003.01.19"]

1. e4 g6 2. d4 Bg7 3. Nc3 d5 4. exd5 Nf6 5. Bb5+ Nbd7 6. Nf3 O-O 7. O-O Nb6 8.
Bf4 Nfxd5 9. Nxd5 Nxd5 10. Be5 Bg4 11. Bxg7 Kxg7 12. h3 Bxf3 13. Qxf3 c6 14.
Bc4 Nb6 15. Qc3 Nxc4 16. Qxc4 e6 17. c3 Qd5 18. Qe2 Rfd8 19. Rfd1 Qg5 20. Rd3
Rd7 21. Re3 Rd5 22. Re1 Rad8 23. b4 a5 24. a3 axb4 25. axb4 Ra8 26. Rg3 Qf6 27.
Rf3 Qd8 28. Rf4 1/2-1/2

[Event "4NCL/Div4/MET vs. NKN2 prelims"]
[Site "Telford ENG"]
[Date "2003.01.19"]
[Round "4.2"]
[White "St. Clair, Allan"]
[Black "Dickson, George"]
[Result "1/2-1/2"]
[WhiteElo "1854"]
[BlackElo "2016"]
[PlyCount "95"]
[EventDate "2003.01.19"]

1. d4 d5 2. Nf3 Nf6 3. Bf4 c6 4. c3 e6 5. Nbd2 Bd6 6. Ne5 Qc7 7. e3 Nbd7 8.
Nxd7 Bxd7 9. Bxd6 Qxd6 10. Bd3 e5 11. dxe5 Qxe5 12. Nf3 Qe7 13. O-O Bg4 14. Qc2
Bxf3 15. gxf3 O-O-O 16. Rfd1 Nd7 17. b4 Ne5 18. Be2 Qf6 19. f4 Qg6+ 20. Qxg6
Nxg6 21. Rd2 Kc7 22. Rad1 Ne7 23. c4 f6 24. b5 dxc4 25. bxc6 Rxd2 26. Rxd2 c3
27. Rd3 Nxc6 28. Rxc3 Rd8 29. Rd3 Rd6 30. Kf1 a5 31. Ke1 Nb4 32. Rc3+ Rc6 33.
Rxc6+ Kxc6 34. Bc4 b5 35. Bg8 h6 36. Kd2 Kc5 37. a3 Nc6 38. Kc3 g5 39. fxg5
fxg5 40. Be6 Ne5 41. f4 b4+ 42. axb4+ axb4+ 43. Kb3 gxf4 44. exf4 Nf3 45. f5
Nxh2 46. f6 Nf3 47. Bg4 Ne5 48. Bh5 1/2-1/2

[Event "4NCL/Div4/MET vs. NKN2 prelims"]
[Site "Telford ENG"]
[Date "2003.01.19"]
[Round "4.3"]
[White "Calvert, D Ian"]
[Black "Thomas, Kevin"]
[Result "1-0"]
[WhiteElo "2040"]
[BlackElo "1823"]
[PlyCount "75"]
[EventDate "2003.01.19"]

1. b3 Nf6 2. Bb2 d5 3. Nf3 Nc6 4. e3 Bg4 5. Bb5 e6 6. Bxc6+ bxc6 7. h3 Bh5 8.
d3 Bd6 9. Nbd2 a5 10. a4 Qe7 11. g4 Bg6 12. Ne5 Bxe5 13. Bxe5 h5 14. g5 Nh7 15.
Bxg7 Rg8 16. Bb2 Qxg5 17. Qe2 Qe7 18. O-O-O Nf6 19. e4 Rb8 20. f4 Nd7 21. Rhe1
Kd8 22. Nf3 Qb4 23. Nd4 Rb6 24. f5 exf5 25. exf5 Bxf5 26. Nxf5 Qf4+ 27. Qd2
Qxf5 28. Qxa5 c5 29. Rf1 Qxh3 30. Qa8+ Rb8 31. Qxd5 Qe3+ 32. Kb1 Qe2 33. Rde1
Qg4 34. Rxf7 Kc8 35. Ree7 Rd8 36. Rxd7 Qxd7 37. Rxd7 Rxd7 38. Qxh5 1-0

[Event "4NCL/Div4/MET vs. NKN2 prelims"]
[Site "Telford ENG"]
[Date "2003.01.19"]
[Round "4.4"]
[White "Johnston, Gruffydd E"]
[Black "Djabri, Zafer M"]
[Result "0-1"]
[WhiteElo "1623"]
[BlackElo "1864"]
[PlyCount "68"]
[EventDate "2003.01.19"]

1. c4 c5 2. Nc3 Nc6 3. g3 g6 4. Bg2 Bg7 5. d3 e6 6. e4 Nge7 7. Nge2 O-O 8. O-O
Rb8 9. f4 a6 10. a4 Nb4 11. Be3 b6 12. g4 d5 13. Bd2 Nxd3 14. cxd5 exd5 15. f5
Nc6 16. f6 Bxf6 17. Bh6 Nxb2 18. Qc2 d4 19. Nd5 d3 20. Nxf6+ Qxf6 21. Rxf6 dxc2
22. Bxf8 Nb4 23. Bh6 Bxg4 24. Nc3 N2d3 25. Bf3 Bh3 26. Nd5 Nxd5 27. exd5 b5 28.
Be4 c4 29. Rf2 Nxf2 30. Kxf2 b4 31. Bxc2 b3 32. Rb1 Bd7 33. a5 Rb5 34. Bd2 Rxd5
0-1